| 000 | 00430nam a22001697a 4500 | ||
|---|---|---|---|
| 003 | NUST - PNEC | ||
| 005 | 20170116181154.0 | ||
| 008 | 160106b xxu||||| |||| 00| 0 eng d | ||
| 020 | _a817656768X | ||
| 040 | _cLIBRARY | ||
| 082 | _a658.404 HEL | ||
| 100 |
_915710 _aHeldman, Kim |
||
| 245 |
_aProject management jumpstart _cKim Heldman, |
||
| 260 | _cc2003. | ||
| 650 |
_915711 _aProject management _xMIS |
||
| 942 |
_2ddc _cBK |
||
| 999 |
_c71096 _d71096 |
||